La historia del loco /

Uloženo v:
Podrobná bibliografie
Hlavní autor: Katzenbach, John (autor)
Médium: Kniha
Jazyk:španělština
Vydáno: Barcelona, España : Ediciones B, 2006, c2005
Edice:(Zeta Bolsillo ; Thriller) 2196/1.
Témata:
Tagy: Přidat tag
Žádné tagy, Buďte první, kdo vytvoří štítek k tomuto záznamu!

MARC

LEADER 00000nam^a2200000^a^4500
001 000623130
005 20251022000000.0
009 20260310133932.622
020 |a 84-96546-24-1 
025 |a Donación sin dato, 1 ejemplar 
037 |a Acervo ITESO - Biblioteca 
041 |a ESP 
082 |a 813.  |b KAT 
100 |a Katzenbach, John  |e (autor) 
245 1 3 |a La historia del loco /  |c J. Katzenbach ; tr. por Laura Paredes. 
264 4 |a Barcelona, España :  |b Ediciones B,  |c 2006, c2005 
300 |a 540 p. 
336 |a texto  |b txt  |2 rdacontenido 
337 |a sin mediación  |b n  |2 rdamedio 
338 |a volumen  |b nc  |2 rdasoporte 
440 1 |a (Zeta Bolsillo ;  |v 2196/1.  |p Thriller) 
500 |a Traducción de: The Madman's Tale 
649 |a XX 
650 |a Enfermos Mentales en la Literatura 
650 |a Novela Norteamericana 
650 |a Literatura Norteamericana -  |y Siglo XX 
650 |a Literatura Policíaca y de Misterio -  |z EUA 
650 |a Hospitales Psiquiátricos en la Literatura 
910 |a Fondo General 
920 |a Impresos - Libros 
930 |a Colección General 
940 |a Literatura 
905 |a 101 
901 |a 623419-10  |b IT1  |c LIT  |i D  |u 20251022 
902 |a https://opac.biblio.iteso.mx/vufind/Record/000623130